| 000 | 00360nam a2200121Ia 4500 | ||
|---|---|---|---|
| 008 | 171212s9999 xx 000 0 und d | ||
| 020 | _a9781787350410 | ||
| 100 | _aMaxwell, Nicholas | ||
| 245 |
_cMaxwell, Nicholas _aKarl Popper, Science and Enlightenment |
||
| 260 |
_bUCL Press _c2017 |
||
| 650 | _aPhilosophy | ||
| 856 | _uhttp://jstor.org/stable/j.ctt1vxm8p6 | ||
| 999 |
_c352874 _d352874 |
||